| 000 | 00612na a2200229 4500 | ||
|---|---|---|---|
| 001 | 21779 | ||
| 003 | MIRAKIL | ||
| 005 | 20181213155027.0 | ||
| 008 | 170207b tu 000 0 | ||
| 035 | _a21779 | ||
| 040 |
_aMilas _btur _cTR-AnCHP |
||
| 041 | _atur | ||
| 082 |
_a320.5315 _bD35d 1985 |
||
| 090 | _a320.5315 D35d 1985 | ||
| 100 | _aDemirel, Süleyman | ||
| 245 |
_aDemirel demokrasiyi anlatıyor _cSüleyman Demirel |
||
| 260 |
_aİstanbul _bYeni Asya Yayınları _c1985 |
||
| 300 |
_a59 s. _c18 sm. |
||
| 650 |
_aDemokrasi _xDenemeler |
||
| 650 |
_aDemokratik sol _zTürkiye |
||
| 942 |
_2ddc _cBKS |
||
| 999 |
_c5107 _d5107 |
||